[Event "Schachfestival Basel"]
[Site "?"]
[Date "2017.01.06"]
[Round "6.16"]
[White "Filipovic, Branko"]
[Black "Tschann, Stephan"]
[Result "1-0"]
[WhiteElo "2402"]
[BlackElo "2208"]
[PlyCount "55"]
[EventDate "2017.01.??"]
[EventType "swiss"]
[EventRounds "9"]

1. b3 e5 2. Bb2 Nc6 3. e3 Nf6 4. Bb5 Bd6 5. Ne2 O-O 6. O-O Re8 7. Ng3 a6 8. Be2
Bf8 9. c4 d5 10. cxd5 Nxd5 11. Nc3 Be6 12. Nxd5 Bxd5 13. d3 Qd7 14. Rc1 Rad8
15. Qc2 Nb4 16. Qb1 f6 17. a3 Nc6 18. b4 Qf7 19. Ne4 Qg6 20. Ng3 Qf7 21. Rfd1
Rc8 22. Bf1 Red8 23. Ne4 Nb8 24. d4 Qg6 25. f3 exd4 26. Rxd4 Bc6 27. Bc4+ Kh8
28. Nd6 1-0

[Event "Schachfestival Basel"]
[Site "?"]
[Date "2017.01.06"]
[Round "6.17"]
[White "Anwesh, Upadhyaya"]
[Black "Beukema, Jasper"]
[Result "1-0"]
[WhiteElo "2384"]
[BlackElo "2182"]
[PlyCount "67"]
[EventDate "2017.01.??"]
[EventType "swiss"]
[EventRounds "9"]

1. Nf3 Nf6 2. c4 e6 3. g3 b6 4. Bg2 Bb7 5. O-O Be7 6. b3 O-O 7. Bb2 c5 8. e3 d5
9. Nc3 Nbd7 10. Qe2 Ne4 11. d4 Bf6 12. Nxe4 dxe4 13. Nd2 cxd4 14. exd4 Nc5 15.
dxc5 Bxb2 16. Rad1 Qe7 17. Nxe4 Ba3 18. cxb6 axb6 19. Nc3 Bxg2 20. Kxg2 f5 21.
Rd3 f4 22. Rfd1 Bc5 23. Ne4 Qb7 24. f3 Be3 25. a4 Qf7 26. g4 Ra7 27. Rd8 h6 28.
Qd3 Re7 29. Rxf8+ Qxf8 30. Qd8 Re8 31. Qd6 Qxd6 32. Rxd6 Kf8 33. Rd7 Ra8 34. h4
1-0

[Event "Schachfestival Basel"]
[Site "?"]
[Date "2017.01.06"]
[Round "6.18"]
[White "Bluhm, Sonja Maria"]
[Black "Botta, Gabriele"]
[Result "1/2-1/2"]
[WhiteElo "2276"]
[BlackElo "2377"]
[PlyCount "79"]
[EventDate "2017.01.??"]
[EventType "swiss"]
[EventRounds "9"]

1. d4 d5 2. Bf4 Nf6 3. Nf3 c5 4. e3 Nc6 5. Nbd2 Bf5 6. c3 e6 7. Be2 Be7 8. h3
O-O 9. O-O h6 10. dxc5 Bxc5 11. Nb3 Bd6 12. Bxd6 Qxd6 13. Nbd4 Bg6 14. c4 dxc4
15. Bxc4 Rfd8 16. Nxc6 Qxc6 17. Qb3 Be4 18. Nd4 Qd6 19. Rfd1 Qe7 20. Bd3 Bd5
21. Bc4 Bxc4 22. Qxc4 Rac8 23. Qb3 Ne4 24. Nf3 Nc5 25. Qa3 b6 26. Rxd8+ Rxd8
27. Nd4 Rd7 28. Rc1 e5 29. Nf3 Rd3 30. b3 e4 31. Nd4 Rd2 32. Rf1 a5 33. b4 Nd3
34. Qc3 Qxb4 35. Qc8+ Qf8 36. Qc6 Nc5 37. Qxb6 Rxa2 38. Nc6 Qd6 39. Qb1 Ra4 40.
Qb5 1/2-1/2

[Event "Schachfestival Basel"]
[Site "?"]
[Date "2017.01.06"]
[Round "6.19"]
[White "Kozak, Adam"]
[Black "Arcuti, Davide"]
[Result "1/2-1/2"]
[WhiteElo "2376"]
[BlackElo "2269"]
[PlyCount "37"]
[EventDate "2017.01.??"]
[EventType "swiss"]
[EventRounds "9"]

1. d4 Nf6 2. c4 e6 3. Nc3 Bb4 4. Qc2 O-O 5. Nf3 c5 6. dxc5 Na6 7. g3 Nxc5 8.
Bg2 Nce4 9. O-O Bxc3 10. bxc3 d6 11. Rd1 Qe7 12. Nd4 Nc5 13. Nb5 Bd7 14. Bf4 e5
15. Be3 Bxb5 16. Bxc5 dxc5 17. cxb5 e4 18. e3 Rad8 19. Qa4 1/2-1/2

[Event "Schachfestival Basel"]
[Site "?"]
[Date "2017.01.06"]
[Round "6.20"]
[White "Rahnfeld, Jens"]
[Black "Engel, Luis"]
[Result "1-0"]
[WhiteElo "2274"]
[BlackElo "2373"]
[PlyCount "83"]
[EventDate "2017.01.??"]
[EventType "swiss"]
[EventRounds "9"]

1. e4 c5 2. Nf3 d6 3. d4 cxd4 4. Nxd4 Nf6 5. Nc3 a6 6. Be3 e5 7. Nb3 Be6 8. f3
Be7 9. Qd2 O-O 10. O-O-O Nbd7 11. g4 b5 12. g5 b4 13. Ne2 Ne8 14. f4 a5 15. f5
a4 16. Nbd4 exd4 17. Nxd4 b3 18. Kb1 bxc2+ 19. Nxc2 Bb3 20. axb3 axb3 21. Na3
Ne5 22. h4 Ra4 23. Qg2 Qa8 24. Bd4 Nc7 25. f6 Bd8 26. Bxe5 dxe5 27. Bc4 Rxc4
28. Nxc4 Qa2+ 29. Kc1 Nb5 30. Kd2 Na3 31. Ra1 Nxc4+ 32. Kc3 Qxb2+ 33. Qxb2 Nxb2
34. fxg7 Kxg7 35. Kxb2 Be7 36. Ra7 Bc5 37. Rc7 Be3 38. Kxb3 Rd8 39. Kc3 Rd4 40.
Rb1 Bd2+ 41. Kc2 Rb4 42. Rd1 1-0

[Event "Schachfestival Basel"]
[Site "?"]
[Date "2017.01.06"]
[Round "6.21"]
[White "Mesaros, Florian"]
[Black "Meier, Volker"]
[Result "1/2-1/2"]
[WhiteElo "2372"]
[BlackElo "2284"]
[PlyCount "103"]
[EventDate "2017.01.??"]
[EventType "swiss"]
[EventRounds "9"]

1. c4 c5 2. Nf3 b6 3. g3 Bb7 4. Bg2 g6 5. O-O Bg7 6. Nc3 Nf6 7. d4 Ne4 8. Nxe4
Bxe4 9. e3 O-O 10. b3 Nc6 11. Bb2 d5 12. Ne5 Nxe5 13. dxe5 Bxg2 14. Kxg2 dxc4
15. bxc4 Qc7 16. f4 Rad8 17. Qc2 Qc6+ 18. Kf2 Rd7 19. Rfd1 Rfd8 20. a4 f6 21.
exf6 Bxf6 22. Bxf6 exf6 23. a5 bxa5 24. Rxd7 Rxd7 25. e4 Rd4 26. Rxa5 Qd7 27.
Ke3 Rd1 28. Qc3 Rf1 29. Ra2 Qd1 30. Re2 a5 31. e5 fxe5 32. Qb2 exf4+ 33. gxf4
Qc1+ 34. Qxc1 Rxc1 35. Kd3 Rd1+ 36. Ke3 Rd4 37. Ra2 Rxc4 38. Rxa5 Kg7 39. Ra7+
Kh6 40. Rc7 Rc1 41. Kd2 Rh1 42. Rxc5 Rxh2+ 43. Ke3 Rh5 44. Rc7 Rf5 45. Ra7 Rf8
46. Rb7 Rf6 47. Ra7 Kh5 48. Rxh7+ Kg4 49. Rg7 Re6+ 50. Kf2 Kxf4 51. Ra7 Re4 52.
Ra3 1/2-1/2

[Event "Schachfestival Basel"]
[Site "?"]
[Date "2017.01.06"]
[Round "6.22"]
[White "Roe, Simon J"]
[Black "Akshat, Khamparia"]
[Result "1-0"]
[WhiteElo "2211"]
[BlackElo "2358"]
[PlyCount "69"]
[EventDate "2017.01.??"]
[EventType "swiss"]
[EventRounds "9"]

1. Nf3 d5 2. d4 Nc6 3. c4 Bg4 4. cxd5 Bxf3 5. gxf3 Qxd5 6. e3 e5 7. Nc3 Bb4 8.
Bd2 Bxc3 9. bxc3 Nf6 10. c4 Qd6 11. d5 Ne7 12. Qa4+ Qd7 13. Qxd7+ Nxd7 14. Bb4
c5 15. Bc3 f6 16. Rb1 b6 17. Bh3 Rd8 18. Ke2 Nc8 19. Rhg1 O-O 20. Be6+ Kh8 21.
Rg4 Rfe8 22. Rbg1 Re7 23. f4 Nd6 24. fxe5 Nxe5 25. Rh4 Nexc4 26. Rg3 Ne5 27.
Rgh3 h6 28. f4 Ne4 29. Ba1 Nf7 30. Kf3 Nfd6 31. Rg4 Kh7 32. Rh5 Rf8 33. Ke2 g6
34. Rh3 f5 35. Rxh6+ 1-0

[Event "Schachfestival Basel"]
[Site "?"]
[Date "2017.01.06"]
[Round "6.23"]
[White "Schweizer, Simon"]
[Black "Warmerdam, Max"]
[Result "0-1"]
[WhiteElo "2131"]
[BlackElo "2350"]
[PlyCount "32"]
[EventDate "2017.01.??"]
[EventType "swiss"]
[EventRounds "9"]

1. e4 c5 2. Nf3 d6 3. d4 cxd4 4. Nxd4 Nc6 5. Bb5 Bd7 6. Qd3 g6 7. c4 Bg7 8. O-O
Nf6 9. Nc3 O-O 10. h3 a6 11. Bxc6 Bxc6 12. Bg5 Re8 13. Rfd1 Nd7 14. Nd5 Nc5 15.
Qc2 Bxd4 16. Rxd4 Ne6 0-1

[Event "Schachfestival Basel"]
[Site "?"]
[Date "2017.01.06"]
[Round "6.24"]
[White "Benkovic, Petar"]
[Black "Pfatteicher, Lukas"]
[Result "1-0"]
[WhiteElo "2424"]
[BlackElo "2216"]
[PlyCount "87"]
[EventDate "2017.01.??"]
[EventType "swiss"]
[EventRounds "9"]

1. Nf3 Nf6 2. g3 g6 3. b3 Bg7 4. Bb2 d6 5. d4 Nbd7 6. Bg2 O-O 7. O-O e5 8. dxe5
Ng4 9. Qc1 Ngxe5 10. c4 Re8 11. Nc3 Nxf3+ 12. Bxf3 Ne5 13. Bg2 Rb8 14. Rd1 b6
15. h3 Nd7 16. Nb5 Bxb2 17. Qxb2 a6 18. Nc3 Nf6 19. Rac1 Qe7 20. Rd2 Qe5 21.
Nd5 Qxb2 22. Rxb2 Nxd5 23. cxd5 Re7 24. Rbc2 Rb7 25. e4 Kg7 26. f4 Ra7 27. Rc6
a5 28. e5 dxe5 29. d6 Rd7 30. fxe5 cxd6 31. e6 fxe6 32. Rxc8 d5 33. R8c6 d4 34.
Rxe6 d3 35. Rxb6 d2 36. Rd1 Rac7 37. Rc6 Rxc6 38. Bxc6 Rc7 39. Bf3 Rc2 40. a4
Rc3 41. Kf2 Rxb3 42. Rxd2 Rb4 43. Bd1 Kf6 44. Rd5 1-0

[Event "Schachfestival Basel"]
[Site "?"]
[Date "2017.01.06"]
[Round "6.25"]
[White "Heinz, Timothee"]
[Black "Heinemann, Josefine"]
[Result "1-0"]
[WhiteElo "2346"]
[BlackElo "2227"]
[PlyCount "67"]
[EventDate "2017.01.??"]
[EventType "swiss"]
[EventRounds "9"]

1. d4 Nf6 2. c4 g6 3. Nc3 d5 4. cxd5 Nxd5 5. Bd2 Nb6 6. Nf3 Bg7 7. Qc1 Nc6 8.
Bh6 O-O 9. Bxg7 Kxg7 10. e3 Bg4 11. Bb5 Bxf3 12. gxf3 Qd6 13. O-O e5 14. Ne4
Qd5 15. Bxc6 bxc6 16. dxe5 Qxe5 17. Qxc6 Qxb2 18. Qxc7 Nd5 19. Qa5 Rfd8 20.
Rad1 Qe5 21. Rd4 Qf5 22. Rfd1 Qxf3 23. Rxd5 Qg4+ 24. Ng3 Qxd1+ 25. Rxd1 Rxd1+
26. Kg2 Rd7 27. Ne4 Rb7 28. Qe5+ Kg8 29. Nf6+ Kf8 30. Nxh7+ Kg8 31. Nf6+ Kf8
32. Nd5 Kg8 33. Ne7+ Kh7 34. Qd5 1-0

[Event "Schachfestival Basel"]
[Site "?"]
[Date "2017.01.06"]
[Round "6.26"]
[White "Zwahr, Paul"]
[Black "Guennigmann, Manuel"]
[Result "0-1"]
[WhiteElo "2325"]
[BlackElo "2183"]
[PlyCount "76"]
[EventDate "2017.01.??"]
[EventType "swiss"]
[EventRounds "9"]

1. e4 c5 2. Nf3 Nc6 3. d4 cxd4 4. Nxd4 Nf6 5. Nc3 e5 6. Ndb5 d6 7. Bg5 a6 8.
Na3 b5 9. Bxf6 gxf6 10. Nd5 Bg7 11. Bd3 Ne7 12. Nxe7 Qxe7 13. O-O O-O 14. c4 f5
15. Qh5 f4 16. cxb5 d5 17. Rfe1 f5 18. exd5 e4 19. Rad1 Qb4 20. Bc4 Qxb2 21.
d6+ Kh8 22. d7 Bb7 23. bxa6 Bc6 24. Nb5 Bxb5 25. Bd5 Rad8 26. a7 Bd4 27. a8=Q
Qxf2+ 28. Kh1 Rxa8 29. Bxa8 Rxa8 30. Qxf5 f3 31. gxf3 Rg8 32. Qh3 Bxd7 33. Qf1
Qxf3+ 34. Qxf3 exf3 35. h4 f2 36. Rf1 Bc6+ 37. Kh2 Be5+ 38. Kh3 Bg2# 0-1

[Event "Schachfestival Basel"]
[Site "?"]
[Date "2017.01.06"]
[Round "6.27"]
[White "Eichler, Christoph"]
[Black "Lorscheid, Gerhard"]
[Result "1/2-1/2"]
[WhiteElo "2312"]
[BlackElo "2203"]
[PlyCount "93"]
[EventDate "2017.01.??"]
[EventType "swiss"]
[EventRounds "9"]

1. d4 d6 2. Nf3 Nf6 3. g3 Nbd7 4. Bg2 e5 5. c4 Be7 6. Nc3 O-O 7. O-O c6 8. e4
a6 9. a4 a5 10. b3 Re8 11. h3 Bf8 12. Re1 exd4 13. Nxd4 Nc5 14. Rb1 g6 15. Qc2
d5 16. cxd5 cxd5 17. e5 Nfe4 18. Bb2 Nxc3 19. Qxc3 Be6 20. Nb5 Qb6 21. Bxd5
Rac8 22. Bxe6 Rxe6 23. Nd4 Ree8 24. Qf3 Rcd8 25. e6 fxe6 26. Nb5 Nd3 27. Bc3 e5
28. Re3 Qc6 29. Qxc6 bxc6 30. Bxa5 Bc5 31. Bxd8 Rxd8 32. Nc3 Bxe3 33. fxe3 Nb4
34. Rd1 Rb8 35. Rd7 Na6 36. Ne4 Rxb3 37. Ra7 Nb4 38. Nf6+ Kf8 39. Nxh7+ Ke8 40.
Nf6+ Kd8 41. Kf2 c5 42. Ne4 c4 43. Rg7 c3 44. Nxc3 Rxc3 45. Rxg6 e4 46. g4 Nc2
47. h4 1/2-1/2

[Event "Schachfestival Basel"]
[Site "?"]
[Date "2017.01.06"]
[Round "6.28"]
[White "Nandhidhaa, PV."]
[Black "Biastoch, Bennet"]
[Result "1-0"]
[WhiteElo "2268"]
[BlackElo "2134"]
[PlyCount "57"]
[EventDate "2017.01.??"]
[EventType "swiss"]
[EventRounds "9"]

1. e4 c5 2. b3 d6 3. Bb2 e5 4. Nc3 Nc6 5. Bc4 Nf6 6. d3 Be7 7. Nge2 a6 8. a4
Rb8 9. O-O O-O 10. Qd2 Nd4 11. a5 Nh5 12. Nd5 Bg5 13. f4 Nxe2+ 14. Qxe2 Nxf4
15. Nxf4 Bxf4 16. g3 Bh6 17. Rxf7 Rxf7 18. Rf1 Kh8 19. Rxf7 Bd7 20. Qf3 Bg5 21.
Bc3 Qc8 22. b4 Bg4 23. Qf2 Bh6 24. Bd5 cxb4 25. Bxb4 Bh5 26. Rxb7 Be3 27. Qxe3
Rxb7 28. Bxb7 Qxb7 29. Qb6 1-0

[Event "Schachfestival Basel"]
[Site "?"]
[Date "2017.01.06"]
[Round "6.29"]
[White "Ruff, Maximilian"]
[Black "Stillger, Bernhard"]
[Result "0-1"]
[WhiteElo "2228"]
[BlackElo "2261"]
[PlyCount "120"]
[EventDate "2017.01.??"]
[EventType "swiss"]
[EventRounds "9"]

1. d4 Nf6 2. c4 e6 3. Nf3 d5 4. g3 Bb4+ 5. Bd2 Be7 6. Bg2 O-O 7. O-O c6 8. Bf4
Nbd7 9. Qc2 b6 10. Rd1 Ba6 11. Nbd2 Nh5 12. Qa4 Bxc4 13. Nxc4 b5 14. Qa6 bxc4
15. Qxc6 Nxf4 16. gxf4 Rb8 17. Rd2 Rb4 18. Qa6 Qc7 19. Ne5 Nxe5 20. fxe5 Rfb8
21. Rb1 c3 22. Rc2 Rxb2 23. Rbxb2 Rxb2 24. Qd3 Rxc2 25. Qxc2 g6 26. e3 Qc4 27.
Bf1 Qb4 28. Bd3 a5 29. Qb3 Kg7 30. Kg2 Kh6 31. h3 Qxb3 32. axb3 Kg5 33. Kg3 Ba3
34. Bc2 Bc1 35. Bd3 Bd2 36. Bc2 Kh6 37. Kf3 Kg7 38. Ke2 f6 39. exf6+ Kxf6 40.
Kf3 e5 41. dxe5+ Kxe5 42. Ke2 Kd6 43. Kd3 Kc5 44. Bd1 Kb4 45. Kc2 Be1 46. f3
Bd2 47. e4 d4 48. Be2 Be3 49. Ba6 Kc5 50. Kd3 Kd6 51. Bc4 Ke5 52. Bg8 h6 53.
Bf7 g5 54. Bh5 Bc1 55. Bg4 Ba3 56. Bh5 Bd6 57. Bg4 Kf4 58. Bh5 Be5 59. Bg4 Kg3
60. Ke2 c2 0-1

[Event "Schachfestival Basel"]
[Site "?"]
[Date "2017.01.06"]
[Round "6.30"]
[White "Haag, Gregor"]
[Black "Wagner, Benjamin"]
[Result "1/2-1/2"]
[WhiteElo "2251"]
[BlackElo "1926"]
[PlyCount "117"]
[EventDate "2017.01.??"]
[EventType "swiss"]
[EventRounds "9"]

1. d4 Nf6 2. Nf3 g6 3. c4 Bg7 4. Nc3 O-O 5. e4 d6 6. Be2 e5 7. dxe5 dxe5 8.
Qxd8 Rxd8 9. Bg5 Re8 10. Nd5 Nxd5 11. cxd5 c6 12. Bc4 cxd5 13. Bxd5 Nd7 14. Nd2
Nc5 15. Nc4 Bf8 16. O-O Be6 17. Rfd1 Nxe4 18. Bxe4 Bxc4 19. b3 Ba6 20. Rd7 h6
21. Be3 Re7 22. Rad1 f5 23. Rxe7 Bxe7 24. Rd7 Rd8 25. Bd5+ Kf8 26. Bxh6+ Ke8
27. Rxd8+ Bxd8 28. Bg7 Bc7 29. Bf6 Bd6 30. g3 b6 31. Kg2 Be2 32. f3 Bd3 33. Kh3
Be7 34. Bxe7 Kxe7 35. Kg2 a5 36. a3 Kf6 37. f4 e4 38. Kf2 Bb5 39. Ke3 Ba6 40.
Bc6 Bf1 41. Kd4 Ba6 42. Bd7 Bf1 43. Ke3 Ba6 44. Be8 Bf1 45. h4 Bd3 46. h5 gxh5
47. Bxh5 Bc2 48. b4 axb4 49. axb4 Bd3 50. g4 fxg4 51. Bxg4 Bc2 52. Bd7 Bb1 53.
Bc6 Kf5 54. Bd5 Bc2 55. Bg8 Kg6 56. Be6 Kf6 57. Bg4 Bb1 58. Kd4 Bd3 59. Bd7
1/2-1/2

[Event "Schachfestival Basel"]
[Site "?"]
[Date "2017.01.06"]
[Round "6.31"]
[White "Cholleti, Sahajasri"]
[Black "Keetman, Maaike"]
[Result "0-1"]
[WhiteElo "1987"]
[BlackElo "2232"]
[PlyCount "46"]
[EventDate "2017.01.??"]
[EventType "swiss"]
[EventRounds "9"]

1. Nf3 Nf6 2. c4 g6 3. Nc3 Bg7 4. e4 d6 5. d4 O-O 6. Be2 e5 7. d5 a5 8. Bg5 h6
9. Bh4 Na6 10. Nd2 Bd7 11. O-O Qe8 12. b3 Nh7 13. a3 h5 14. Kh1 g5 15. Bxg5
Nxg5 16. Bxh5 Qe7 17. h4 Nh7 18. g3 Kh8 19. Nf3 Qf6 20. Nh2 Qh6 21. g4 Qf4 22.
Qe2 Nc5 23. Rab1 Nf6 0-1

[Event "Schachfestival Basel"]
[Site "?"]
[Date "2017.01.06"]
[Round "6.32"]
[White "Thiel, Thomas"]
[Black "Halfhide, Sebastian"]
[Result "1/2-1/2"]
[WhiteElo "2297"]
[BlackElo "2222"]
[PlyCount "80"]
[EventDate "2017.01.??"]
[EventType "swiss"]
[EventRounds "9"]

1. e4 e5 2. Nf3 Nc6 3. Nc3 Nf6 4. a3 Be7 5. d4 exd4 6. Nxd4 O-O 7. Nxc6 bxc6 8.
e5 Ne8 9. Bd3 d6 10. Bf4 Rb8 11. Rb1 Be6 12. O-O d5 13. Qf3 c5 14. Rfd1 c6 15.
Ne2 Qc8 16. c4 Nc7 17. Qg3 Kh8 18. Rdc1 Rb3 19. Nc3 Bf5 20. Qf3 Bxd3 21. Qxd3
Qg4 22. cxd5 cxd5 23. Bg3 Qe6 24. Qc2 Rfb8 25. f4 f5 26. exf6 Bxf6 27. f5 Qf7
28. Bxc7 Bd4+ 29. Kh1 Qxc7 30. Nxd5 Qf7 31. Nc3 Bxc3 32. bxc3 c4 33. h3 h6 34.
Qe4 Qf6 35. Rxb3 cxb3 36. c4 b2 37. Rb1 Qc3 38. Qf4 Rb6 39. f6 Rxf6 40. Qb8+
Kh7 1/2-1/2

[Event "Schachfestival Basel"]
[Site "?"]
[Date "2017.01.06"]
[Round "6.33"]
[White "Curien, Nicolas"]
[Black "Schmitz, Thorsten"]
[Result "0-1"]
[WhiteElo "2175"]
[BlackElo "2314"]
[PlyCount "52"]
[EventDate "2017.01.??"]
[EventType "swiss"]
[EventRounds "9"]

1. d4 d5 2. Bf4 c5 3. e3 Nc6 4. Nc3 cxd4 5. exd4 a6 6. Nf3 Bg4 7. Qd2 Bxf3 8.
gxf3 e6 9. Rg1 Nge7 10. Bh3 Qa5 11. Ne2 Qxd2+ 12. Kxd2 Ng6 13. Bg3 Be7 14. f4
f5 15. c3 Bd6 16. f3 Kf7 17. Ke3 b5 18. b3 Rhc8 19. Rgc1 Ba3 20. Rc2 a5 21. Be1
a4 22. Nc1 Bd6 23. Bf1 Nb4 24. Re2 Bxf4+ 25. Kf2 Bxc1 26. cxb4 axb3 0-1

[Event "Schachfestival Basel"]
[Site "?"]
[Date "2017.01.06"]
[Round "6.34"]
[White "Nguyen, Kevin"]
[Black "Schneider, Jana"]
[Result "0-1"]
[WhiteElo "2122"]
[BlackElo "2274"]
[PlyCount "120"]
[EventDate "2017.01.??"]
[EventType "swiss"]
[EventRounds "9"]

1. e4 e6 2. d4 d5 3. Nd2 c5 4. c3 cxd4 5. cxd4 dxe4 6. Nxe4 Bb4+ 7. Nc3 Nf6 8.
Bd3 O-O 9. Nf3 b6 10. O-O Bb7 11. Bg5 Nbd7 12. Bc2 h6 13. Bh4 Bxc3 14. bxc3 Qc7
15. Rc1 b5 16. Re1 Bd5 17. Bb1 Qb7 18. Re3 Ng4 19. Qd3 f5 20. Ree1 Ngf6 21. Bg3
Ne4 22. Be5 Rac8 23. Qe3 Nb6 24. Bxe4 Bxe4 25. Nh4 Kh7 26. Qg3 Qf7 27. Nf3 Qg6
28. Qxg6+ Kxg6 29. Nd2 Bd5 30. Nb3 Rf7 31. f4 Na4 32. Re3 Rc6 33. Kf1 Rd7 34.
Ke1 Kf7 35. Rg3 g6 36. Kd2 Rd8 37. Rc2 Rdc8 38. Nc5 Nxc5 39. dxc5 Rxc5 40. Bd4
R5c7 41. Rb2 Rb7 42. Ke1 Rc4 43. Rd3 a6 44. Be5 Ra4 45. Rdd2 Ke7 46. Kf2 Rb6
47. Kg3 g5 48. Rf2 Rc6 49. Rbc2 Kf7 50. h3 Rcc4 51. fxg5 hxg5 52. Kh2 Ra3 53.
Bd6 Raxc3 54. Rb2 Rc1 55. a3 Be4 56. Rbe2 Rb1 57. Bb4 Rcc1 58. Kg3 Rh1 59. Bc5
Rb3+ 60. Be3 Kg6 0-1

[Event "Schachfestival Basel"]
[Site "?"]
[Date "2017.01.06"]
[Round "6.35"]
[White "Metz, Hartmut"]
[Black "Schleich, Markus"]
[Result "0-1"]
[WhiteElo "2255"]
[BlackElo "2196"]
[PlyCount "116"]
[EventDate "2017.01.??"]
[EventType "swiss"]
[EventRounds "9"]

1. d4 g6 2. Nf3 Bg7 3. g3 Nf6 4. Bg2 O-O 5. O-O d6 6. c4 Nc6 7. Nc3 a6 8. h3
Rb8 9. a4 Bd7 10. a5 Qc8 11. Kh2 b6 12. axb6 cxb6 13. Bg5 h6 14. Bd2 Kh7 15. e3
Nb4 16. Qb3 a5 17. Rfc1 Nd3 18. Rf1 Nb4 19. e4 Be6 20. d5 Bd7 21. Be3 Be8 22.
Nd4 Nd7 23. Ncb5 Nc5 24. Qd1 Bxb5 25. cxb5 Bxd4 26. Bxd4 Ncd3 27. Qe2 Qc4 28.
Bc3 Rbc8 29. Ra3 Ne5 30. Qd1 Qxb5 31. f4 Nc4 32. Qd4 f6 33. Rb3 Qa4 34. Bxb4
Qxb3 35. Bc3 a4 36. Rf3 b5 37. Qa7 Rf7 38. Bxf6 Qd1 39. Qd7 Rcf8 40. Bxe7 Nd2
41. Rf2 Qe1 42. Rxd2 Qxd2 43. Qe6 Qxb2 44. Bxf8 Rxf8 45. Qxd6 Rf7 46. e5 a3 47.
Qe6 Kg7 48. d6 Qd2 49. h4 a2 50. h5 gxh5 51. f5 a1=Q 52. f6+ Kg6 53. Kh3 Qad4
54. Qe8 Qg4+ 55. Kh2 Qf2 56. Qg8+ Kf5 57. Qc8+ Kxe5 58. Qc5+ Qxc5 0-1

[Event "Schachfestival Basel"]
[Site "?"]
[Date "2017.01.06"]
[Round "6.36"]
[White "Pratyusha, Bodda"]
[Black "Schmuki, Roman"]
[Result "1-0"]
[WhiteElo "2247"]
[BlackElo "2048"]
[PlyCount "159"]
[EventDate "2017.01.??"]
[EventType "swiss"]
[EventRounds "9"]

1. d4 e6 2. c4 d5 3. Nc3 Nf6 4. cxd5 exd5 5. Bg5 Be7 6. e3 O-O 7. Qc2 c6 8. Bd3
Nbd7 9. Nge2 Re8 10. f3 Nf8 11. O-O Be6 12. a3 g6 13. b4 Nh5 14. Bxe7 Rxe7 15.
e4 Rd7 16. Rad1 Rc7 17. Qd2 b6 18. Qh6 Ng7 19. Bb1 a5 20. b5 cxb5 21. Nxb5 Rc4
22. Bd3 Rcc8 23. Ng3 Qd7 24. e5 Nf5 25. Nxf5 Bxf5 26. Bxf5 Qxb5 27. Bxc8 Rxc8
28. f4 Rc2 29. f5 Qe2 30. Qh3 b5 31. Rfe1 Qf2+ 32. Kh1 Qxf5 33. Qxf5 gxf5 34.
Rb1 b4 35. axb4 axb4 36. Rxb4 Rd2 37. g3 Ne6 38. Rf1 Nxd4 39. Rb7 Re2 40. Rf4
Re4 41. Rd7 Rxf4 42. gxf4 Ne2 43. Kg2 Nxf4+ 44. Kf3 Ne6 45. Rxd5 Kg7 46. Rd6
Kg6 47. Ke3 Kg5 48. Rd7 Kg6 49. h4 h5 50. Rd6 Kg7 51. Rb6 Kg6 52. Kd3 Kg7 53.
Kc4 Kh7 54. Rb4 Kg6 55. Kd5 Kg7 56. Kd6 Kg6 57. Rb7 f4 58. Kd5 Ng7 59. Ke4 Ne6
60. Rb6 Kg7 61. Kf5 f3 62. Rb2 Nf8 63. Kg5 Ng6 64. e6 f2 65. Rxf2 fxe6 66. Kxh5
Ne7 67. Kg5 Nf5 68. h5 Nh6 69. Rg2 Nf5 70. Re2 Nd4 71. Re3 e5 72. Kg4 Kf6 73.
Ra3 Kg7 74. Ra7+ Kf6 75. Ra6+ Kg7 76. h6+ Kh7 77. Kh5 Ne2 78. Ra7+ Kh8 79. h7
Nf4+ 80. Kh6 1-0

[Event "Schachfestival Basel"]
[Site "?"]
[Date "2017.01.06"]
[Round "6.37"]
[White "Ramaraju, N."]
[Black "Yakimenko, Alexander"]
[Result "1/2-1/2"]
[WhiteElo "2124"]
[BlackElo "2242"]
[PlyCount "198"]
[EventDate "2017.01.??"]
[EventType "swiss"]
[EventRounds "9"]

1. Nf3 e6 2. c4 Nf6 3. g3 b6 4. Bg2 Bb7 5. O-O Be7 6. Nc3 O-O 7. Re1 Ne4 8.
Nxe4 Bxe4 9. d3 Bb7 10. e4 d6 11. d4 Nd7 12. Qc2 c5 13. d5 e5 14. Bh3 Re8 15.
Bd2 Nf8 16. a3 Bc8 17. Bxc8 Qxc8 18. Kg2 Qg4 19. h3 Qg6 20. b4 Nd7 21. Be3 Nf6
22. Bd2 Nd7 23. Be3 Rec8 24. Rac1 Nf6 25. bxc5 bxc5 26. Bd2 Nd7 27. Rb1 Nb6 28.
a4 Rab8 29. Rb5 a6 30. Rbb1 h6 31. a5 Nd7 32. Rxb8 Rxb8 33. Qa4 Nf8 34. Qc2 Bg5
35. Bc3 h5 36. Qa4 h4 37. g4 Qf6 38. Ng1 Ng6 39. Ne2 Kh7 40. Qc2 Qd8 41. Rb1
Nf8 42. Rb3 Nd7 43. Qb1 Kg8 44. Be1 g6 45. Rb7 Qc8 46. Rb3 Qf8 47. Rb7 Qc8 48.
Rb3 Qf8 49. f3 Rxb3 50. Qxb3 f5 51. Qb7 fxe4 52. fxe4 Nf6 53. Qb1 Nxg4 54. hxg4
h3+ 55. Kxh3 Qf1+ 56. Kg3 Qxe2 57. Bf2 Bf4+ 58. Kg2 Qxg4+ 59. Kf1 Qf3 60. Qb8+
Kh7 61. Qxd6 Qh1+ 62. Bg1 Qf3+ 63. Bf2 Qh1+ 64. Bg1 Qh3+ 65. Ke2 Qg2+ 66. Bf2
Qxe4+ 67. Kf1 Qd3+ 68. Kg2 Qe4+ 69. Kf1 Qxc4+ 70. Kg1 Kh6 71. Qf8+ Kg5 72. Qe7+
Kg4 73. Qe6+ Kf3 74. Qh3+ Ke4 75. Qg2+ Kf5 76. Qh3+ Ke4 77. Qg2+ Kd3 78. Qf1+
Kc3 79. Qa1+ Kc2 80. d6 e4 81. d7 Bg5 82. Qe5 e3 83. Qxg5 exf2+ 84. Kxf2 Qd4+
85. Kf1 Qxd7 86. Qxc5+ Kd3 87. Qa3+ Ke4 88. Qb4+ Ke3 89. Qe1+ Kf4 90. Qf2+ Kg5
91. Qe3+ Kf6 92. Qc3+ Kg5 93. Qe3+ Kf6 94. Qc3+ Kf7 95. Qb3+ Qe6 96. Qb7+ Kf6
97. Qb2+ Qe5 98. Qb6+ Qe6 99. Qb2+ Qe5 1/2-1/2

[Event "Schachfestival Basel"]
[Site "?"]
[Date "2017.01.06"]
[Round "6.38"]
[White "Kappeler, Kaspar"]
[Black "Kopylov, Daniel"]
[Result "1-0"]
[WhiteElo "2241"]
[BlackElo "2003"]
[PlyCount "65"]
[EventDate "2017.01.??"]
[EventType "swiss"]
[EventRounds "9"]

1. d4 d5 2. c4 e6 3. Nf3 c6 4. e3 Nf6 5. b3 Nbd7 6. Bb2 Be7 7. Bd3 b6 8. O-O
Bb7 9. Nc3 O-O 10. Qe2 c5 11. Rad1 h6 12. Bb1 Qc8 13. Ne5 Rd8 14. f4 Nf8 15. h3
Ne4 16. Nxe4 dxe4 17. Qh5 g6 18. Qxh6 Bf6 19. dxc5 Qxc5 20. Bd4 Qc7 21. Ng4
Bxd4 22. Rxd4 Qe7 23. Qg5 Qc7 24. Rfd1 Rxd4 25. Rxd4 f5 26. Ne5 Qg7 27. Bc2 Rc8
28. b4 a5 29. bxa5 bxa5 30. Ba4 Rc5 31. Rd8 Kh7 32. Rxf8 Rxe5 33. Qh4+ 1-0

[Event "Schachfestival Basel"]
[Site "?"]
[Date "2017.01.06"]
[Round "6.40"]
[White "Bethke, Richard"]
[Black "Srienz, Christian"]
[Result "1/2-1/2"]
[WhiteElo "2055"]
[BlackElo "2223"]
[PlyCount "108"]
[EventDate "2017.01.??"]
[EventType "swiss"]
[EventRounds "9"]

1. e4 c6 2. d4 d5 3. Nc3 dxe4 4. Nxe4 Nf6 5. Ng3 Nbd7 6. Nf3 e6 7. Be2 c5 8.
O-O Be7 9. Re1 O-O 10. c3 Qc7 11. Bd3 b6 12. Ne4 Bb7 13. Bg5 Rfe8 14. Nxf6+
Nxf6 15. Bxf6 Bxf6 16. Be4 Red8 17. Bxb7 Qxb7 18. Re2 cxd4 19. cxd4 Rac8 20.
Rd2 h6 21. Rc1 Rd5 22. Rxc8+ Qxc8 23. h3 Qd7 24. a4 g6 25. b3 Kg7 26. g3 Qd6
27. Kg2 g5 28. Kg1 Qd8 29. Kg2 Qd7 30. Kg1 Kg8 31. Kg2 Kf8 32. Kg1 Kg7 33. Kg2
Qd8 34. Kg1 Rf5 35. Rd3 Qa8 36. Kf1 h5 37. Kg1 Rd5 38. Rd2 Qd8 39. Kf1 Qh8 40.
Kg1 Qh7 41. Ne1 Qe4 42. Nc2 g4 43. hxg4 hxg4 44. Ne3 Rxd4 45. Rxd4 Qxd4 46.
Qxg4+ Qxg4 47. Nxg4 Bd4 48. Kf1 f5 49. Nh2 Kf6 50. Nf3 Bc5 51. Ke2 a5 52. Ne1
e5 53. Nd3 Bd4 54. f3 Kg5 1/2-1/2

[Event "Schachfestival Basel"]
[Site "?"]
[Date "2017.01.06"]
[Round "6.41"]
[White "Jakel, Wolfgang"]
[Black "Kaeppeli, Adriano"]
[Result "1-0"]
[WhiteElo "2223"]
[BlackElo "1952"]
[PlyCount "67"]
[EventDate "2017.01.??"]
[EventType "swiss"]
[EventRounds "9"]

1. e4 e5 2. f4 Bc5 3. Nf3 d6 4. c3 Bb6 5. d4 exd4 6. cxd4 Nf6 7. Bb5+ Bd7 8.
Bxd7+ Nbxd7 9. Nc3 O-O 10. O-O Re8 11. Re1 h6 12. Kh1 Nf8 13. Qd3 Ng6 14. g3
Qd7 15. f5 Ne7 16. Rf1 c5 17. d5 Ng4 18. h3 Ne5 19. Nxe5 dxe5 20. g4 f6 21. a4
a6 22. a5 Ba7 23. Qe2 Nc8 24. Be3 Nd6 25. Qf2 Rec8 26. h4 Kf7 27. Qe2 Rh8 28.
Rfc1 Rac8 29. Kg2 Rc7 30. Kf3 Ke7 31. Na4 Nb5 32. Nb6 Bxb6 33. axb6 Rcc8 34.
Rxc5 1-0